[Event "AUTO-BEG-585"]
[Site "http://www.queenalice.com/game.php?id=1187183"]
[Date "2013.6.2"]
[Round "1"]
[White "Matt_Murdock"]
[Black "fabpav"]
[Result "0-1"]
[WhiteElo "1198"]
[BlackElo "1264"]

1. d4 c6 2. e4 d5 3. e5 e6 4. g3 f5 5. b3 c5 6. c3 c4 7. bxc4 dxc4 8. Bxc4 a6 9.
a4 h6 10. Qb3 Nc6 11. Nd2 Na5 12. Qa2 Qc7 13. Ne2 h5 14. Nf4 Rh6 15. Be2 Qc6 16.
O-O Qxc3 17. Bxh5+ Kd8 18. Qb2 Qc6 19. Bf7 g5 20. d5 exd5 21. Bxd5 Qd7 22. Bxg8
gxf4 23. Nf3 fxg3 0-1

[Event "AUTO-BEG-586"]
[Site "http://www.queenalice.com/game.php?id=1190717"]
[Date "2013.6.13"]
[Round "1"]
[White "JamesBrown"]
[Black "fabpav"]
[Result "0-1"]
[WhiteElo "1309"]
[BlackElo "1125"]

1. e4 c5 2. c3 e6 3. d4 d5 4. exd5 exd5 5. dxc5 Bf5 6. Nd2 Nd7 7. Bb5 Qg5 8.
Ndf3 Qg4 9. Qxd5 Rd8 10. Qxb7 Qxg2 11. Bg5 Rb8 12. Qc6 Bxc5 13. Rd1 Qxf2# 0-1

[Event "AUTO-BEG-586"]
[Site "http://www.queenalice.com/game.php?id=1190718"]
[Date "2013.6.13"]
[Round "1"]
[White "fabpav"]
[Black "JamesBrown"]
[Result "0-1"]
[WhiteElo "1162"]
[BlackElo "1304"]

1. e4 e5 2. Nc3 Nc6 3. Bc4 Nf6 4. Nf3 d5 5. Bxd5 Nxd5 6. Nxd5 Bc5 7. d3 O-O 8.
Ng5 Nd4 9. c3 Nf5 10. exf5 Qxd5 11. O-O Bxf5 12. Qh5 h6 13. Ne4 Bxe4 14. dxe4
Qxe4 15. Bd2 Rfe8 16. b4 Be7 17. Rae1 Qg6 18. Qxe5 Bd6 19. Qd5 c6 20. Qd4 Qh5
21. g4 Qxh2# 0-1

[Event "AUTO-BEG-586"]
[Site "http://www.queenalice.com/game.php?id=1190729"]
[Date "2013.6.13"]
[Round "1"]
[White "Ruckus"]
[Black "fabpav"]
[Result "1-0"]
[WhiteElo "1422"]
[BlackElo "1141"]

1. e4 e5 2. f4 c6 3. Nf3 Bc5 4. Nxe5 b6 5. Bc4 Qh4+ 6. g3 Qh3 7. Qe2 Nf6 8. Nxf7
Rf8 9. Ng5 Qh6 10. d3 d6 11. f5 Nbd7 12. Ne6 Qxc1+ 13. Qd1 Bb4+ 14. Nd2 Qxb2 15.
Nc7+ Kd8 16. Nxa8 Ne5 17. O-O Bc5+ 18. Kg2 Nfg4 19. Nf3 Ne3+ 20. Kh1 Nxd1 21.
Raxd1 Ng4 22. d4 Bb4 23. Bd3 g6 24. Rb1 Qa3 25. Rb3 Qa5 26. Be2 gxf5 27. Ng5 c5
28. Bxg4 cxd4 29. Bxf5 Bxf5 30. Rbf3 d5 31. exf5 Qxa2 32. Ne6+ Kc8 33. R3f2 Rg8
34. Nxb6+ axb6 35. c3 Qa8 36. cxb4 d3 37. f6 d4+ 38. Kg1 Rg4 39. f7 Qe4 40.
f8=Q+ Kb7 41. Nd8+ Ka6 42. b5+ Kxb5 43. Rb2+ Kc4 44. Rc1+ Kd5 45. Rb5# 1-0

[Event "AUTO-BEG-586"]
[Site "http://www.queenalice.com/game.php?id=1190730"]
[Date "2013.6.13"]
[Round "1"]
[White "fabpav"]
[Black "Ruckus"]
[Result "0-1"]
[WhiteElo "1146"]
[BlackElo "1417"]

1. e4 c5 2. c3 Nc6 3. Bb5 d6 4. Qh5 Nf6 5. Qh4 Bd7 6. Ne2 e6 7. O-O Be7 8. f3 d5
9. e5 Nxe5 10. Qg5 Ng6 11. a4 Bxb5 12. axb5 Qb6 13. Na3 c4+ 14. d4 O-O 15. h4
Rfe8 16. Ng3 Ne4 17. Qg4 Nxg3 18. Qxg3 Nxh4 19. Bf4 Nf5 20. Qg4 Bd6 21. b3 Bxf4
22. Qxf4 cxb3 23. Kf2 Qa5 24. g4 Qxc3 25. gxf5 b2 26. Rab1 Qxa3 27. Rg1 Rac8 28.
Qg4 Rc2+ 29. Kg3 h5 30. Qxh5 Qd6+ 31. Kg4 Rh2 32. Qg5 Rc8 33. f4 Rc1 34. Rgxc1
bxc1=Q 35. Rxc1 Rg2+ 36. Kh4 Rxg5 37. Kxg5 exf5 38. Rc8+ Kh7 39. Ra8 Qg6+ 40.
Kh4 Qg4# 0-1

[Event "AUTO-BEG-586"]
[Site "http://www.queenalice.com/game.php?id=1190737"]
[Date "2013.6.13"]
[Round "1"]
[White "fabpav"]
[Black "milane"]
[Result "1-0"]
[WhiteElo "1175"]
[BlackElo "1179"]

1. e4 e5 2. Nf3 d6 3. d3 Nf6 4. Bg5 h6 5. Bxf6 gxf6 6. Nbd2 Rg8 7. g3 Nc6 8. c4
Nb4 9. Qa4+ Nc6 10. b4 Rg4 11. b5 Ne7 12. Nb3 Be6 13. Na5 b6 14. Nb7 Qb8 15. Qa6
1-0

[Event "AUTO-BEG-586"]
[Site "http://www.queenalice.com/game.php?id=1190738"]
[Date "2013.6.13"]
[Round "1"]
[White "milane"]
[Black "fabpav"]
[Result "0-1"]
[WhiteElo "1197"]
[BlackElo "1157"]

1. e4 c5 2. Nf3 d6 3. Bd3 Nf6 4. O-O e5 5. b3 g6 6. Nc3 Bg4 7. a4 Nbd7 8. h3 Bh5
9. Bb5 Bh6 10. a5 O-O 11. a6 b6 12. Na4 Nxe4 13. Qe1 f5 0-1

[Event "Challenge"]
[Site "http://www.queenalice.com/game.php?id=1191467"]
[Date "2013.6.16"]
[Round "-"]
[White "dejami"]
[Black "fabpav"]
[Result "1-0"]
[WhiteElo "1616"]
[BlackElo "1136"]

1. e4 c6 2. Bc4 e5 3. Qf3 Nf6 4. h3 b5 5. Bd3 Bc5 6. a3 d6 7. b4 Bd4 8. c3 Bb6
9. g4 Nbd7 10. c4 Bd4 11. Ra2 Nb6 12. cxb5 Be6 13. Rc2 g6 14. bxc6 Bb3 15. Rb2
Ba4 16. b5 Bc5 17. Ne2 Qc8 18. Qxf6 a6 19. Qxh8+ Ke7 20. Qxc8 Rxc8 21. bxa6 Nd7
22. cxd7 Kxd7 23. Nec3 Bc6 24. Rf1 Ra8 25. Ne2 g5 26. Ng3 Kc7 27. Nf5 f6 28. Ne7
Be8 29. Nd5+ Kd8 30. Nxf6 Rc8 31. Rb7 Ra8 32. Rxh7 Ba4 33. Rh8+ Ke7 34. Nd5+ Kd7
35. Rxa8 Kc6 36. Nbc3 Bb3 37. Bb5# 1-0

[Event "AUTO-OPEN-3016"]
[Site "http://www.queenalice.com/game.php?id=1192461"]
[Date "2013.6.19"]
[Round "1"]
[White "vincentlennon"]
[Black "fabpav"]
[Result "1-0"]
[WhiteElo "2016"]
[BlackElo "1136"]

1. d4 d5 2. c4 e6 3. Nc3 Be7 4. Nf3 Nf6 5. e3 O-O 6. Bd3 b6 7. O-O Bb7 8. Bd2
Ng4 9. h3 Nf6 10. Rc1 Qd6 11. Re1 g6 12. cxd5 exd5 13. Nb5 Qd7 14. Rxc7 Qd8 15.
Rxb7 Nc6 16. Ne5 Qc8 17. Rc7 Qa6 18. Nxc6 Bd6 19. Nxd6 Qxa2 20. Bc3 Nh5 21. Nb4
Qa4 22. Qxa4 Rfd8 23. Nxf7 Rf8 24. Nh6+ Kh8 25. Qd7 Rf6 26. Qxh7# 1-0

[Event "AUTO-OPEN-3016"]
[Site "http://www.queenalice.com/game.php?id=1192462"]
[Date "2013.6.19"]
[Round "1"]
[White "fabpav"]
[Black "vincentlennon"]
[Result "1-0"]
[WhiteElo "1217"]
[BlackElo "1953"]

1. e4 e6 2. d4 d5 3. Bd3 Nf6 4. Nd2 c5 5. e5 Nfd7 6. c3 Nc6 7. Ne2 Qb6 8. Nf3
cxd4 9. cxd4 Bb4+ 10. Bd2 Nf8 11. Rc1 Bxd2+ 12. Qxd2 Ng6 13. O-O Bd7 14. b3 O-O
15. g3 Rac8 16. a4 a6 17. Rb1 Nb4 18. h4 Nxd3 19. Qxd3 h6 20. h5 Ne7 21. Kg2 Rc7
22. b4 Bxa4 23. Qd2 Bb5 24. Ne1 Rfc8 25. Nd3 Rc2 26. Qd1 Nf5 27. g4 Nxd4 28.
Nef4 R2c4 29. Ne1 Nc6 30. Qd2 Nxe5 31. Qb2 Nxg4 32. Ned3 Rc3 33. Qe2 Ne5 34.
Rfd1 Nxd3 35. Rxd3 Bxd3 36. Nxd3 Qd4 37. Nc5 Rc7 38. Rd1 Qxb4 39. Nd3 Qh4 40.
Ne5 Rc2 41. Qf3 Qg5+ 42. Qg3 Qxh5 43. Rd4 R7c3 44. Qf4 Qh3+ 45. Kg1 Rc1+ 46.
Qxc1 Rxc1+ 47. Rd1 1-0

[Event "AUTO-OPEN-3016"]
[Site "http://www.queenalice.com/game.php?id=1192485"]
[Date "2013.6.19"]
[Round "1"]
[White "rubenov"]
[Black "fabpav"]
[Result "1-0"]
[WhiteElo "1898"]
[BlackElo "1146"]

1. d4 g6 2. e4 Nc6 3. Nf3 e6 4. a3 Nf6 5. Bd3 b6 6. Bg5 Bd6 7. e5 h6 8. Bxf6 Ne7
9. exd6 cxd6 10. Bxh8 Nf5 11. Bxf5 exf5 12. O-O Kf8 13. d5 g5 14. Bc3 g4 15. Nd4
Qf6 16. Nb3 Qh4 17. f3 Ba6 18. g3 Qh3 19. Rf2 Re8 20. fxg4 Re3 21. N1d2 f4 22.
gxf4 Qh4 23. Rg2 f5 24. Nf3 Qe7 25. Qd4 Rxf3 26. Qh8+ Kf7 27. Qg7+ Ke8 28. Qg8+
Qf8 29. Re1+ Kd8 30. Qxf8+ Kc7 31. Bb4 Bb5 32. Bxd6+ Kb7 33. Qb8+ Ka6 34. Qc8#
1-0

[Event "AUTO-OPEN-3016"]
[Site "http://www.queenalice.com/game.php?id=1192486"]
[Date "2013.6.19"]
[Round "1"]
[White "fabpav"]
[Black "rubenov"]
[Result "0-1"]
[WhiteElo "1146"]
[BlackElo "1896"]

1. e4 e5 2. Nf3 d6 3. Bb5+ Nc6 4. d3 h6 5. b3 a6 6. Ba4 b5 7. c4 bxa4 8. bxa4
Bg4 9. h3 Bh5 10. g4 Bg6 11. Bb2 Nf6 12. Qb3 Rb8 13. Qc3 Be7 14. Nbd2 Nd7 15.
Ba3 O-O 16. h4 h5 17. O-O-O hxg4 18. Ng5 Bxg5 19. Rdg1 Bxd2+ 20. Qxd2 Bh5 21. f3
Nf6 22. Qg5 Qd7 23. Kd1 Nd4 24. fxg4 Bxg4+ 25. Kd2 Nf3+ 26. Ke3 Nxg5 27. hxg5
Nh5 28. Rh4 f5 29. gxf6 Nxf6 30. Kf2 Nxe4+ 31. Ke1 Rb1+ 32. Bc1 Rxc1# 0-1

[Event "AUTO-OPEN-3016"]
[Site "http://www.queenalice.com/game.php?id=1192499"]
[Date "2013.6.19"]
[Round "1"]
[White "Ustin"]
[Black "fabpav"]
[Result "1-0"]
[WhiteElo "2234"]
[BlackElo "1134"]

1. e4 e5 2. Nf3 d5 3. d4 Bg4 4. dxe5 Nc6 5. exd5 Nxe5 6. Nc3 Bc5 7. Qe2 f6 8.
Qb5+ c6 9. Qxc5 Ne7 10. Nxe5 fxe5 11. h3 Bh5 12. d6 Nf5 13. Qxe5+ Kd7 14. Qxf5+
Kxd6 15. Bf4+ Ke7 16. Bg5+ Ke8 17. Bxd8 Rxd8 18. Qxh5+ g6 19. Qe5+ Kf7 20. Bc4+
Kf8 21. Qf6+ Ke8 22. Qf7# 1-0

[Event "AUTO-OPEN-3016"]
[Site "http://www.queenalice.com/game.php?id=1192500"]
[Date "2013.6.19"]
[Round "1"]
[White "fabpav"]
[Black "Ustin"]
[Result "0-1"]
[WhiteElo "1132"]
[BlackElo "2238"]

1. e4 e5 2. Nc3 Nf6 3. Bc4 Nxe4 4. Nxe4 d5 5. Nc3 dxc4 6. Ne4 Nc6 7. Nf3 Be7 8.
d3 cxd3 9. cxd3 Bb4+ 10. Bd2 Qxd3 11. Rc1 Qxe4+ 12. Kf1 Bd6 13. Ng5 Qg6 14. Qb3
h6 15. Nf3 e4 16. Ne1 O-O 17. Qc4 Be6 18. Qb5 Nd4 19. Qxb7 Rfb8 20. Qa6 Bc8 21.
Qc4 Be5 22. Qc5 Ba6+ 23. Rc4 Rxb2 24. Bc3 Qg4 25. f3 exf3 26. Bxb2 fxg2+ 27.
Nxg2 Qe2+ 28. Kg1 Nf3# 0-1

[Event "Challenge"]
[Site "http://www.queenalice.com/game.php?id=1192522"]
[Date "2013.6.19"]
[Round "-"]
[White "fabpav"]
[Black "megagro"]
[Result "0-1"]
[WhiteElo "1134"]
[BlackElo "1343"]

1. e4 d5 2. Nc3 d4 3. Nce2 e5 4. Ng3 g6 5. Bc4 Qf6 6. Bb5+ Bd7 7. a4 Bc5 8. Nf3
h5 9. d3 Bb4+ 10. Bd2 a5 11. O-O Nc6 12. Bg5 Qe6 13. Bh4 f6 14. Bc4 Qe7 15. Rc1
g5 16. c3 dxc3 17. bxc3 Bd6 18. Qb3 O-O-O 19. Rb1 b6 20. Qb5 Nb8 21. Qd5 gxh4
22. Nf5 Bxf5 23. exf5 e4 24. Rfe1 Bxh2+ 25. Kxh2 Rxd5 26. Bxd5 Qd6+ 27. g3 hxg3+
28. fxg3 Qxd5 29. Rxe4 Qa2+ 30. Kh3 Qxb1 31. Re8+ Kb7 32. Nd4 Qh1# 0-1

[Event "Challenge"]
[Site "http://www.queenalice.com/game.php?id=1196402"]
[Date "2013.7.2"]
[Round "-"]
[White "fabpav"]
[Black "mrjoe"]
[Result "0-1"]
[WhiteElo "1219"]
[BlackElo "1748"]

1. e4 e5 2. Bc4 Nf6 3. d4 exd4 4. Bf4 Bb4+ 5. Bd2 Nxe4 6. Bxb4 c5 7. Bd2 O-O 8.
Nf3 Re8 9. O-O d6 10. Nh4 Qxh4 11. Qf3 Nf6 12. Bf4 Bg4 13. Qxb7 Nbd7 14. Nd2 Bh3
15. Rae1 Reb8 16. Qf3 Bf5 17. Re7 d5 18. Bg3 Qg4 19. h3 Qxf3 20. gxf3 dxc4 21.
Nxc4 Nb6 22. Ne5 Re8 23. Rc7 Bxh3 24. Re1 c4 25. Kh2 Be6 26. Rd1 Red8 27. f4 Bg4
28. Rd2 Ne4 29. Bh4 Nxd2 30. Bxd8 Rxd8 31. Nxg4 a5 32. Ne5 d3 33. cxd3 cxd3 34.
Rb7 Na4 35. Nxd3 g6 36. Ne5 f6 37. Ng4 Nf3+ 38. Kg3 Nd4 39. Nxf6+ Kf8 40. Nxh7+
Ke8 41. Rg7 Nf5+ 42. Kg4 Nxg7 43. Kg5 Ne6+ 44. Kxg6 Nxf4+ 45. Kf5 Nd3 46. f4
Ndxb2 47. Ke6 Nc5+ 48. Kf6 Rd5 49. Kg7 Rf5 50. Nf6+ Ke7 51. Ng8+ Ke6 52. Kg6
Rxf4 53. Kg5 Rf1 54. Nh6 Ne4+ 55. Kg4 Kf6 56. Kh4 Rg1 57. Kh3 Ke5 58. Nf7+ Kf4
59. Kh2 Rg8 60. Nh6 Rh8 61. Kg1 Rxh6 62. Kf1 Rh2 63. Kg1 Kg3 64. a3 Rc2 65. Kf1
Nd3 66. a4 Nc3 67. Kg1 Rc1# 0-1

[Event "Challenge"]
[Site "http://www.queenalice.com/game.php?id=1197759"]
[Date "2013.7.7"]
[Round "-"]
[White "Petrucio"]
[Black "fabpav"]
[Result "0-1"]
[WhiteElo "1099"]
[BlackElo "1191"]

1. d4 e6 2. d5 Qh4 3. g3 Qe4 4. Bg2 Qxg2 5. Kd2 Qxh1 6. f3 Qxh2 7. Qe1 Bc5 8.
Kc3 Bxg1 9. Bf4 exd5 10. Qd2 Bc5 11. Qxd5 Be7 12. Nd2 Nf6 13. Qd4 Nc6 14. g4
Nxd4 15. Bxh2 Nxe2+ 16. Kd3 Nd4 17. Kxd4 c5+ 18. Kc4 b6 19. g5 Ba6+ 20. Kb3 Nd5
21. c4 Ne3 22. Bf4 Bxc4+ 23. Nxc4 Nd5 24. Rd1 Nxf4 25. Re1 Nd3 26. Re3 Nf4 27.
Re5 Ng6 28. Rf5 O-O 29. Rd5 Rad8 30. Re5 Nxe5 31. Nxe5 Bxg5 32. Kc4 d5+ 33. Kc3
Bf6 34. f4 d4+ 35. Kd3 Rfe8 36. Nc6 Re3+ 37. Kc4 d3 38. b3 d2 39. Nxa7 d1=Q 40.
Kb5 Qd7+ 41. Kxb6 Qd6+ 42. Kb5 Rb8+ 43. Kc4 Qd4# 0-1

[Event "CASCUTIA LA BERA"]
[Site "http://www.queenalice.com/game.php?id=1198802"]
[Date "2013.7.11"]
[Round "2"]
[White "megagro"]
[Black "fabpav"]
[Result "1-0"]
[WhiteElo "1302"]
[BlackElo "1256"]

1. e4 e5 2. d4 d6 3. d5 Nf6 4. Bd3 Bg4 5. f3 Bh5 6. g4 Bg6 7. f4 h5 8. f5 Bh7 9.
gxh5 g6 10. hxg6 fxg6 11. Bg5 gxf5 12. exf5 Rg8 13. Nh3 Qe7 14. Nc3 Nbd7 15. Nb5
O-O-O 16. Nxa7+ Kb8 17. Nb5 e4 18. Be2 Bxf5 19. Bxf6 Qxf6 20. Nf4 Bh6 21. Rf1 e3
22. Qd4 Qh4+ 23. Kd1 Rde8 24. Qa7+ Kc8 25. Qa8+ Nb8 26. Na7+ Kd7 27. Bb5+ c6 28.
Qxb7+ Kd8 29. Qxb8+ Ke7 30. Nxc6+ Kf6 31. Qxd6+ Kf7 32. Nd4 Bg4+ 33. Nde2 Re4
34. Ng2+ Rf4 35. Rxf4+ Bxf4 36. Qxf4+ Qf6 37. Qxf6+ Kxf6 38. Nxe3 Bf3 39. Kd2
Rb8 40. a4 Rb7 41. d6 Rb6 42. d7 Rd6+ 43. Ke1 Ke5 44. Nc4+ Kd5 45. Nxd6 Kxd6 46.
d8=Q+ Ke5 47. Rd1 Bg4 48. Qd4+ Kf5 49. Qf4+ Ke6 50. Bd7+ Ke7 51. Bxg4 Ke8 52.
Bh5+ Ke7 53. Qf7# 1-0

[Event "Challenge"]
[Site "http://www.queenalice.com/game.php?id=1202517"]
[Date "2013.7.25"]
[Round "-"]
[White "fabpav"]
[Black "Ana_Cris"]
[Result "1-0"]
[WhiteElo "1130"]
[BlackElo "1075"]

1. e4 c6 2. Bc4 e6 3. a3 Bc5 4. d3 Nf6 5. Nf3 Qa5+ 6. Bd2 Qc7 7. g3 d6 8. Bf4 e5
9. Bg5 h6 10. Bh4 Bh3 11. b4 Bb6 12. c3 Ng4 13. Qb3 Nd7 14. Bxf7+ Kf8 15. Ng1 g5
16. f3 Bf2+ 17. Ke2 Bb6 18. Bh5 Ke7 19. Qf7+ Kd8 20. Nxh3 Ngf6 21. Rg1 Bxg1 22.
Nxg1 gxh4 23. gxh4 Nxh5 24. Qg7 Nxg7 25. Nh3 Nh5 26. Nd2 Rg8 27. Kf2 Qb6+ 28.
Ke2 Rg2+ 29. Kd1 Qf2 30. Nxf2 Rxf2 31. Ke1 Rxh2 32. Rb1 Ke7 33. Nf1 Rh1 34. b5
c5 35. a4 Nb6 36. Kf2 Rxh4 37. Ne3 Rg8 38. Nf5+ Kf6 39. Nxh4 Nf4 40. d4 c4 41.
dxe5+ dxe5 42. Rd1 Nh3+ 43. Ke3 Nxa4 44. Rd7 Nc5 45. Rd6+ Kg5 46. Nf5 Na4 47.
f4+ exf4+ 48. Kf3 Ng1+ 49. Kf2 Nh3+ 50. Kg2 Kg4 51. Rxh6 Ng5 52. Rh4# 1-0

[Event "Challenge"]
[Site "http://www.queenalice.com/game.php?id=1203883"]
[Date "2013.7.30"]
[Round "-"]
[White "fabpav"]
[Black "Ana_Cris"]
[Result "1-0"]
[WhiteElo "1144"]
[BlackElo "1061"]

1. e4 c6 2. Nc3 e6 3. d3 Qf6 4. f3 Qh4+ 5. g3 Qh5 6. Be3 Nf6 7. Qd2 Qe5 8. Nge2
Qc7 9. Bf4 Qb6 10. Na4 Qb5 11. b3 Bb4 12. c3 Ba5 13. Bd6 Na6 14. e5 Nd5 15. Nd4
Qxa4 16. bxa4 Nc5 17. Bxc5 Bc7 18. Qg5 g6 19. c4 Nc3 20. Qe7# 1-0

[Event "Challenge"]
[Site "http://www.queenalice.com/game.php?id=1208352"]
[Date "2013.8.15"]
[Round "-"]
[White "Petrucio"]
[Black "fabpav"]
[Result "0-1"]
[WhiteElo "1074"]
[BlackElo "1247"]

1. e3 d6 2. Qh5 g6 3. Qf3 Nf6 4. e4 d5 5. e5 Ng4 6. h3 Nxe5 7. Qf4 Qd6 8. g3 Bh6
9. Qxh6 Qe6 10. Qg7 Nf3+ 11. Kd1 Qe1# 0-1

[Event "Challenge"]
[Site "http://www.queenalice.com/game.php?id=1208353"]
[Date "2013.8.15"]
[Round "-"]
[White "Petrucio"]
[Black "fabpav"]
[Result "0-1"]
[WhiteElo "1066"]
[BlackElo "1256"]

1. c4 d6 2. Qa4+ Bd7 3. b3 Bxa4 4. Nc3 Bc6 5. a4 e5 6. e3 g6 7. h4 Nd7 8. Nf3
Nc5 9. Ng5 Qf6 10. Rh3 Qf5 11. g4 Qxg4 12. Rb1 f6 13. h5 Qxg5 14. Rg3 Qxh5 15.
Be2 Qh1+ 16. Bf1 f5 17. Ke2 e4 18. Bg2 Qh5+ 19. f3 Bh6 20. Rh3 Qg5 21. Kf2 Nd3+
22. Ke2 Qxg2+ 23. Kd1 Qxh3 24. fxe4 Qf3+ 25. Kc2 Nb4+ 26. Kb2 Bxe4 27. Ra1 Bg7
28. Ka3 Nc2+ 29. Kb2 O-O-O 30. d3 Bxd3 31. Kb1 Qf2 32. Ra2 Bxc3 33. Rxc2 Qxc2#
0-1

[Event "CASCUTIA LA BERA"]
[Site "http://www.queenalice.com/game.php?id=1213380"]
[Date "2013.8.31"]
[Round "3"]
[White "fabpav"]
[Black "mrjoe"]
[Result "0-1"]
[WhiteElo "1277"]
[BlackElo "1752"]

1. e4 e5 2. g3 Nc6 3. a3 d6 4. d3 Be6 5. b3 Nf6 6. Qf3 Be7 7. Be2 a5 8. Nc3 Qc8
9. h3 Nd4 10. Qg2 Nxc2+ 11. Kf1 Nxa1 0-1